000 00396nam a22001577a 4500
003 OSt
005 20231212065259.0
008 221123b xxu||||| |||| 00| 0 eng d
020 _a978-81-8457-446-3
040 _cIIMT UNIVERSITY
100 _aBHALLA, R.K
245 _aADVANCED RESEARCH METHODOLOGY
260 _aNEW DELHI
_bKANISHKA PUB.
_c2019
300 _a532 (2BOOK SET)
942 _2ddc
_c01
999 _c56066
_d56066